<?xml version="1.0" encoding="UTF-8"?>
<record
    xmlns:xsi="http://www.w3.org/2001/XMLSchema-instance"
    xsi:schemaLocation="http://www.loc.gov/MARC21/slim http://www.loc.gov/standards/marcxml/schema/MARC21slim.xsd"
    xmlns="http://www.loc.gov/MARC21/slim">

  <leader>03787nam a2200481Ia 4500</leader>
  <controlfield tag="001">dia_5806</controlfield>
  <controlfield tag="003">CHAP</controlfield>
  <controlfield tag="005">20240828183101.0</controlfield>
  <controlfield tag="007">ta</controlfield>
  <controlfield tag="008">220117s2014    mx ado fsm    001 0 spa d</controlfield>
  <datafield tag="010" ind1=" " ind2=" ">
    <subfield code="a">176939</subfield>
  </datafield>
  <datafield tag="040" ind1=" " ind2=" ">
    <subfield code="c">CHAP</subfield>
    <subfield code="a">mxchpua</subfield>
    <subfield code="e">rda</subfield>
  </datafield>
  <datafield tag="041" ind1="0" ind2=" ">
    <subfield code="a">spa</subfield>
    <subfield code="b">eng</subfield>
  </datafield>
  <datafield tag="090" ind1=" " ind2=" ">
    <subfield code="a">Tesis </subfield>
    <subfield code="b">L693 </subfield>
    <subfield code="c">2014</subfield>
  </datafield>
  <datafield tag="100" ind1="1" ind2=" ">
    <subfield code="a">Lozano Grande, Mar&#xED;a Azalia</subfield>
  </datafield>
  <datafield tag="240" ind1=" " ind2=" ">
    <subfield code="a">Edible coating of tejocote pectin and candelilla wax in conservation of minimally processed mushroom (Pleurotus ostreatus).</subfield>
    <subfield code="l">Espa&#xF1;ol</subfield>
  </datafield>
  <datafield tag="245" ind1="1" ind2="0">
    <subfield code="a">Recubrimiento comestible de pectina de tejocote y cera de candelilla en la conservaci&#xF3;n de hongo seta (Pleurotusostreatus) m&#xED;nimamente procesado /</subfield>
    <subfield code="c">Mar&#xED;a Azalia Lozano Grande</subfield>
  </datafield>
  <datafield tag="264" ind1=" " ind2=" ">
    <subfield code="a">Chapingo, M&#xE9;xico :</subfield>
    <subfield code="b">El autor,</subfield>
    <subfield code="c">2014</subfield>
  </datafield>
  <datafield tag="300" ind1=" " ind2=" ">
    <subfield code="a">125 hojas :</subfield>
    <subfield code="b">ilustraciones, gr&#xE1;ficas, tablas, fotos +</subfield>
    <subfield code="e">1 CD-ROM</subfield>
  </datafield>
  <datafield tag="336" ind1=" " ind2=" ">
    <subfield code="2">rdacontent</subfield>
    <subfield code="a">texto</subfield>
    <subfield code="b">txt</subfield>
  </datafield>
  <datafield tag="337" ind1=" " ind2=" ">
    <subfield code="2">rdamedia</subfield>
    <subfield code="a">no mediado</subfield>
    <subfield code="b">n</subfield>
  </datafield>
  <datafield tag="338" ind1=" " ind2=" ">
    <subfield code="2">rdacarrier</subfield>
    <subfield code="a">volumen</subfield>
    <subfield code="b">nc</subfield>
  </datafield>
  <datafield tag="500" ind1=" " ind2=" ">
    <subfield code="a">El CD contiene reporte y art&#xED;culo.</subfield>
  </datafield>
  <datafield tag="502" ind1=" " ind2=" ">
    <subfield code="a">Tesis </subfield>
    <subfield code="b">(Maestro en Ciencias en Ciencia y Tecnolog&#xED;a Agroalimentaria) -- </subfield>
    <subfield code="c">UACh. Departamento de Ingenier&#xED;a Agroindustrial, </subfield>
    <subfield code="d">2014</subfield>
  </datafield>
  <datafield tag="504" ind1=" " ind2=" ">
    <subfield code="a">Incluye bibliograf&#xED;as</subfield>
  </datafield>
  <datafield tag="520" ind1="3" ind2=" ">
    <subfield code="a">El hongo Pleurotus ostreatus es un alimento muy nutritivo con gran potencial de comercializacion, sin embargo esta limitado por ser altamente perecedero y la poca informacion de otras tecnologias que incrementen la vida util. El objetivo de esta investigacion fue desarrollar y caracterizar peliculas de pectina de tejocote (PT55) o pectina comercial (PC) con cera de candelilla, evaluando propiedades viscoelasticas, mecanicas, de barrera, y su uso como recubrimiento para el hongo seta. El tipo y concentracion de pectina afecto significativamente (P.0.05) las propiedades evaluadas. El recubrimiento con 2% de PT55 y 0.1 CC produjo baja perdida de peso (1.2%), mayor firmeza de tejido (3N), mayor luminosidad (L*78), menor produccion de metabolitos anaerobios (6 Mmol/ml), y baja concentracion de CO2 en el envase (2%).Los recubrimientos con PT55 en comparacion con PC fueron efectivos, prolongando la vida util del hongo por 20 d&#xED;as. --</subfield>
  </datafield>
  <datafield tag="520" ind1="3" ind2=" ">
    <subfield code="a">The fungus Pleurotus ostreatus is a very nutritious food with great marketing potential however it is limited by being a highly perishable product and little information of the other technologies that increase its lifetime. The objective of this research was to develop and characterize films of tejocote pectin (PT55) or commercial pectin (PC) with candelilla wax, which were evaluated by viscoelastic, mechanical and barrier properties, and their use as a coating for the mushroom. The type and concentration of pectin was significant (P=0.05) in evaluated properties. The coating with 2 % PT55 and 0.1 CC wax was the one which produced low weight loss (1.2 %) firmer tissue (3N), more luminosity (L 78), decreased production of anaerobic metabolites (6 mmol/ml), and low concentration of CO2 in the package (2%). The PT55 coatings compared with the PC control were effective to preserve fungus extending useful lifetime for 20 days.</subfield>
  </datafield>
  <datafield tag="650" ind1="1" ind2="3">
    <subfield code="a">Hongos comestibles  </subfield>
    <subfield code="2">atg</subfield>
  </datafield>
  <datafield tag="650" ind1="1" ind2="3">
    <subfield code="a">Pel&#xED;cula comestible  </subfield>
    <subfield code="2">atg</subfield>
  </datafield>
  <datafield tag="650" ind1="1" ind2="3">
    <subfield code="a">Edible films</subfield>
    <subfield code="2">atg</subfield>
  </datafield>
  <datafield tag="650" ind1="1" ind2="3">
    <subfield code="a">Edible fungi  </subfield>
    <subfield code="2">atg</subfield>
  </datafield>
  <datafield tag="700" ind1="1" ind2=" ">
    <subfield code="a">Aguirre Mandujano, Eleazar</subfield>
    <subfield code="e">directora</subfield>
  </datafield>
  <datafield tag="700" ind1="1" ind2=" ">
    <subfield code="a">Valle Guadarrama, Salvador</subfield>
    <subfield code="e">director</subfield>
  </datafield>
  <datafield tag="700" ind1="1" ind2=" ">
    <subfield code="a">Lobato Calleros, Consuelo Silvia Olivia</subfield>
    <subfield code="e">asesor</subfield>
  </datafield>
  <datafield tag="700" ind1="1" ind2=" ">
    <subfield code="a">Ybarra Moncada, Ma. Carmen</subfield>
    <subfield code="e">asesora</subfield>
  </datafield>
  <datafield tag="856" ind1="4" ind2="1">
    <subfield code="u">http://10.13.5.2/tesis/sist111246.pdf</subfield>
    <subfield code="y">DESCARGAR PDF</subfield>
  </datafield>
  <datafield tag="901" ind1=" " ind2=" ">
    <subfield code="a">TESIS L693 2014</subfield>
  </datafield>
  <datafield tag="902" ind1=" " ind2=" ">
    <subfield code="a">M</subfield>
  </datafield>
  <datafield tag="905" ind1=" " ind2=" ">
    <subfield code="a">5132272014                          mx dnl 8222123322spa16</subfield>
  </datafield>
  <datafield tag="942" ind1=" " ind2=" ">
    <subfield code="c">TESIS</subfield>
    <subfield code="2">Clasificaci&#xF3;n Universidad Aut&#xF3;noma Chapingo</subfield>
  </datafield>
  <datafield tag="999" ind1=" " ind2=" ">
    <subfield code="c">176939</subfield>
    <subfield code="d">176939</subfield>
  </datafield>
  <datafield tag="952" ind1=" " ind2=" ">
    <subfield code="0">0</subfield>
    <subfield code="1">0</subfield>
    <subfield code="2">local</subfield>
    <subfield code="4">0</subfield>
    <subfield code="5">5</subfield>
    <subfield code="7">0</subfield>
    <subfield code="8">TESIS</subfield>
    <subfield code="a">IA_</subfield>
    <subfield code="b">IA_</subfield>
    <subfield code="d">2022-01-18</subfield>
    <subfield code="e">El autor</subfield>
    <subfield code="l">1</subfield>
    <subfield code="o">Tesis L693 2014</subfield>
    <subfield code="p">1101008864</subfield>
    <subfield code="r">2024-09-09 16:57:36</subfield>
    <subfield code="s">2024-09-09</subfield>
    <subfield code="t">Ej. 2</subfield>
    <subfield code="w">2022-01-18</subfield>
    <subfield code="y">CD</subfield>
  </datafield>
  <datafield tag="952" ind1=" " ind2=" ">
    <subfield code="0">0</subfield>
    <subfield code="1">0</subfield>
    <subfield code="2">local</subfield>
    <subfield code="4">0</subfield>
    <subfield code="5">1</subfield>
    <subfield code="7">0</subfield>
    <subfield code="8">TESIS</subfield>
    <subfield code="a">IA_</subfield>
    <subfield code="b">IA_</subfield>
    <subfield code="d">2022-01-18</subfield>
    <subfield code="e">El autor</subfield>
    <subfield code="l">0</subfield>
    <subfield code="o">Tesis L693 2014</subfield>
    <subfield code="p">1101008863</subfield>
    <subfield code="r">2022-01-18 00:00:00</subfield>
    <subfield code="t">Ej. 1</subfield>
    <subfield code="w">2022-01-18</subfield>
    <subfield code="y">CD</subfield>
  </datafield>
  <datafield tag="952" ind1=" " ind2=" ">
    <subfield code="0">0</subfield>
    <subfield code="1">0</subfield>
    <subfield code="2">local</subfield>
    <subfield code="4">0</subfield>
    <subfield code="7">0</subfield>
    <subfield code="8">TesDigM</subfield>
    <subfield code="a">IA_</subfield>
    <subfield code="b">IA_</subfield>
    <subfield code="c">E_L</subfield>
    <subfield code="d">2024-08-28</subfield>
    <subfield code="e">El autor</subfield>
    <subfield code="l">0</subfield>
    <subfield code="p">1201008863</subfield>
    <subfield code="r">2024-08-28 19:32:36</subfield>
    <subfield code="w">2024-08-28</subfield>
    <subfield code="y">TD</subfield>
  </datafield>
</record>
